Regional report (Record no. 79347)

MARC details
000 -LEADER
fixed length control field 00889cab a22002175a 4500
001 - CONTROL NUMBER
control field L140798
008 - FIXED-LENGTH DATA ELEMENTS--GENERAL INFORMATION
fixed length control field 071011e20071005xxkao 000 0 eng d
035 ## - SYSTEM CONTROL NUMBER
System control number (Sirsi) u140798
041 0# - LANGUAGE CODE
Language code of text/sound track or separate title eng
100 1# - MAIN ENTRY--PERSONAL NAME
Personal name Heap, Richard
245 00 - TITLE STATEMENT
Title Regional report
Remainder of title Hampshire, Dorset and Wiltshire
260 ## - PUBLICATION, DISTRIBUTION, ETC.
Date of publication, distribution, etc. 2007
490 #0 - SERIES STATEMENT
Series statement Property Week
Volume/sequential designation 72(40) 5 October 2007, 111-123(8)
520 ## - SUMMARY, ETC.
Summary, etc. Reports on: market news and deals; plans to redevelop Woolston, Southampton; redevelopment of Farnborough town centre in 2008; refurbishment of the Johnson and Johnson distribution centre in Basingstoke. Explains how the 2012 Olympics is stimulating mixed-use development in Weymouth and Portland.
590 ## - LOCAL NOTE (RLIN)
Local note ka
650 24 - SUBJECT ADDED ENTRY--TOPICAL TERM
Topical term or geographic name entry element OLYMPIC GAMES 2012
651 #4 - SUBJECT ADDED ENTRY--GEOGRAPHIC NAME
Geographic name Hampshire
651 #4 - SUBJECT ADDED ENTRY--GEOGRAPHIC NAME
Geographic name South West (England)
Chronological subdivision 1994-
690 ## - LOCAL SUBJECT ADDED ENTRY--TOPICAL TERM (OCLC, RLIN)
Topical term or geographic name as entry element PROPERTY-COMMERCIAL PROPERTY-COMMERCIAL PROPERTY MARKET
942 ## - ADDED ENTRY ELEMENTS (KOHA)
Suppress in OPAC 0
Holdings
Withdrawn status Lost status Source of classification or shelving scheme Damaged status Not for loan Home library Current library Shelving location Date acquired Total Checkouts Full call number Barcode Date last seen Copy number Price effective from Koha item type
    Dewey Decimal Classification     London London Journal article 11/10/2007   L140798 140798-1001 06/08/2019 1 06/08/2019 Journal article